Antigüedades judías
Saved in:
| Hovedforfatter: | |
|---|---|
| Format: | Bog |
| Sprog: | spansk |
| Udgivet: |
Madrid
Akal
2002
|
| Udgivelse: | 1a. ed |
| Serier: | Akal. Clásica
|
| Fag: | |
| Tags: |
Tilføj Tag
Ingen Tags, Vær først til at tagge denne postø!
|
MARC
| LEADER | 00000nam a2200000 a 4500 | ||
|---|---|---|---|
| 001 | UCJ9646 | ||
| 003 | CL-VaPUC | ||
| 008 | 070330e20020000SP |||||||||||||||||spa|d | ||
| 020 | |a 8446007827 | ||
| 020 | |a 8446005905v.1 | ||
| 020 | |a 8446007819v.2 | ||
| 082 | 0 | 4 | |a 933.05 |b JOS |2 21 |
| 100 | |a Josefo, Flavio |e author |9 313769 | ||
| 245 | 1 | 0 | |a Antigüedades judías |
| 250 | |a 1a. ed | ||
| 300 | |a v | ||
| 942 | |c BK | ||
| 945 | |d 20070330 00:00:00 |a cmena | ||
| 260 | |a Madrid |b Akal |c 2002 | ||
| 500 | |a v.1: Libros I-XI | ||
| 500 | |a v.2: Libros XII-XX | ||
| 650 | 0 | |a Historia antigua |9 267521 | |
| 650 | 0 | |a Judíos |9 313771 | |
| 650 | 0 | |a Civilizaciones antiguas |9 265998 | |
| 650 | 0 | |a Autobiografías |9 265171 | |
| 651 | 0 | |a Jerusalén |9 313609 | |
| 651 | 0 | |a Roma |9 255106 | |
| 583 | |a last modification |c 20070330 00:00:00 |k Rodrigo Vera | ||
| 490 | 0 | |a Akal. Clásica | |
| 999 | |c 325066 |d 325064 | ||
| 952 | |0 0 |1 0 |4 0 |6 933_050000000000000_JOS_2002 |7 0 |8 A |9 405629 |a BIBHIS |b BIBHIS |d 2019-11-22 |h v.1 |i 4326857 |l 1 |o 933.05 JOS 2002 |p 4326857 |r 2025-01-20 |s 2022-11-28 |w 2019-11-22 |y BK |k HIS | ||
| 952 | |0 0 |1 0 |4 0 |6 933_050000000000000_JOS_2002 |7 0 |8 A |9 405630 |a BIBHIS |b BIBHIS |d 2019-11-22 |h v.2 |i 4326865 |l 1 |o 933.05 JOS 2002 |p 4326865 |r 2025-01-20 |s 2022-11-28 |w 2019-11-22 |y BK |k HIS | ||